000 00722nam a2200253Ia 4500
003 OSt
005 20220928123925.0
006 a|||||r|||| 00| 0
007 ta
008 220927b |||||||| |||| 00| 0 eng d
024 _a43632
037 _cTextual
040 _aSDCL
_cSDCL
_beng
041 _2eng
_aeng
082 _aG:6:f3, P3
100 _aHawley R Scott
_9462340
245 0 _aAdvanced genetic analysis
_b Finding meaning in a genome.
260 _aOxford
_bBlackwell
_c2003
300 _axv,239p.
_ccm.
650 _aGenetic Analysis
_9462341
700 _a Walker Michelle
_9462342
942 _hG:6:f3, P3
_cTEXL
_2CC
999 _c775328
_d775328